000 01464nam0a2200325 4500
001 RU\NLR\bibl\1243543
005 20260408075153.0
010 _a978-5-93312-750-5
_93000
021 _aRU
_b2008-32068
_91770
035 _a(NLR Aleph) 001229707
090 _a190612
_c190612
100 _a20080620d2008 |||y0rusy50 ca
101 0 _arus
102 _aRU
105 _aa |||||||||
200 1 _aТрудовое обучение
_eподготовительная группа
_eзанимательные материалы
_fИзд.-торг. дом "Корифей"
_gсост. Т.В. Иванова
210 _aВолгоград
_cКорифей
_d2008
215 _a96 с.
_cил.
_d20
225 1 _aДетский сад
320 _aБиблиогр.: с. 86 (6 назв.)
606 1 _aДошкольники
_jРуководства, пособия и т.п.
_xТрудовое воспитание
_9953453
_3RU\NLR\auth\66354916
686 _aЧ411.351я7
702 1 _4220
_8rus
_7ca
_aИванова
_bТ. В.
_cпедагог-методист, дошкольное образование
_gТатьяна Владимировна
_3RU\NLR\auth\77984
_9111019
712 0 2 _4570
_a"Корифей", издательско-торговый дом
_cВолгоград
_3RU\NLR\AUTH\8810071060
_9644016
801 0 _aRU
_bNLR
_c20080620
_gRCR
801 1 _aRU
_bNLR
_c20080620
830 _aсост. по кн.
942 _cBOOK
980 _aNB